鹿鼎記

資料類型: Book 圖書   書目號:9776

Leader xxxxxxxxxx
001 __ PCLIS00009776
005 __ 20210422164632.0
010 0_ |a957-32-2946-3|b套:平裝|dNT$1250
010 0_ |a957-32-2947-1|b第一冊:平裝|dNT$250
010 0_ |a957-32-2948-X|b第二冊:平裝|dNT$250
010 0_ |a957-32-2949-8|b第三冊:平裝|dNT$250
010 0_ |a957-32-2950-1|b第四冊:平裝|dNT$250
010 0_ |a957-32-2951-X|b第五冊:平裝|dNT$250
100 __ |a19870509d20001981m  y0chiy09      e
101 0_ |achi
102 __ |atw
105 __ |aaf  z   000ad
200 1_ |a鹿鼎記|f金庸著
204 0_ |a1
205 __ |a三版
210 __ |a臺北市|c遠流|d2000
215 0_ |a5冊(2121面, 圖版[80]面)|c部分彩圖|d21公分
225 2_ |a金庸作品集|v32-36
300 __ |a本館最新館藏為2012年
300 __ |a武俠小說
320 __ |a附錄: 康熙朝的機密奏摺
410 _0 |12001 |a金庸作品集|v32-36
517 __ |aThe Duke of the Mount Deer
681 __ |a857.9|b864
700 _0 |a金庸|4|f1924-2018
801 _0 |atw|b內湖高中|c20010622
  
詳細館藏 1-10 筆 (共 10 筆)
索 書 號登 錄 號冊次號館別 / 館藏地流通類型狀態加入預約清單電子資源
857.9 / 864 1020054 v.1 圖書館 / 一樓普通區 可外借30天 在館   
857.9 / 864 1020055 v.2 圖書館 / 一樓普通區 可外借30天 在館   
857.9 / 864 1020056 v.3 圖書館 / 一樓普通區 可外借30天 在館   
857.9 / 864 1020057 v.4 圖書館 / 一樓普通區 可外借30天 在館   
857.9 / 864 1020058 v.5 圖書館 / 一樓普通區 可外借30天 在館   
857.9 / 864 2015461 v.1 圖書館 / 一樓普通區 可外借30天 在館   
857.9 / 864 2015462 v.2 圖書館 / 一樓普通區 可外借30天 在館   
857.9 / 864 2015463 v.3 圖書館 / 一樓普通區 可外借30天 在館   
857.9 / 864 2015464 v.4 圖書館 / 一樓普通區 可外借30天 在館   
857.9 / 864 2015465 v.5 圖書館 / 一樓普通區 可外借30天 在館   

| 條列資料




目錄查詢 分類查詢 個人資料 圖書薦購 新書查詢 閉館日 排行榜 更多電子資源 Hami書城 線上資料庫 登出

From : 216.73.216.116

  本日流通累計至 18:50:24 借閱 : 6 次 續借 : 0 次 歸還 : 8 次 預約 : 0 次 電子資源 : 0 次


內湖高中圖書館  PCLIS 版本  25.5.0.2